Smallest Countries With Multiple Time Zones - Statistics

General Stats
  • This quiz has been taken 1,471 times
    1,393 since last reset
  • The average score is 6 of 9
Answer Stats
Area (sq mi) Number of Time Zones Answer % Correct
313 3 Kiribati
81%
271 2 Federated States of Micronesia
79%
93,628 9 United Kingdom
77%
104,428 5 New Zealand
66%
35,560 2 Portugal
61%
195,365 2 Spain
61%
16,160 2 Netherlands
55%
178,700 2 Papua New Guinea
46%
106,889 2 Ecuador
41%
No matching quizzes found
Score Distribution
Percent of People with Each Score
Percentile by Number Answered
Your Score History
You have not taken this quiz since the last reset